000 01275nam a2200301 4500
003 EG-GICUC
005 20260121101219.0
008 251113s1955 ua ||||fr|||| 00| 0 ara d
040 _a EG-GICUC
_bara
_c EG-GICUC
_d EG-GICUC
_erda
041 0 _aara
082 0 4 _221
_a341.8
_bم ح . م
092 0 4 _221
099 _aLaw1 12 341.81 ج ا . م 1961
100 0 _aجابر جاد عبد الرحمن
_eمؤلف.
245 1 0 _aمبادئ القانون الدولي الخاص:
_bمجموعة محاضرات في المنظمة العامة في الفانون الدولي الخاص -الجنسية-الموطن-مركز الاجانب-تنازع الهيئات والاختصاص/
_cجابر جاد عبد الرحمن.
264 1 _aالقاهرة:
_c1955.
300 _a؛646 صفحة
_c24 سم
_bإيضاحيات، صور، مثيليات ؛
336 _2rda content
_atext
337 _2rda media
_aComputer
338 _2rda carrier
_aOnline Resource
504 _a. 240-220 ببليوجرافيا: صفحات.
546 _aالنص باللغة العربية
650 1 _aالقانون الدولى الخاص
_2qrmak
651 1 _2qrmak
856 4 0 _uhttps://fll.law.cu.edu.eg/fulltext/bks/B12-01351.pdf
905 _a59
942 _2ddc
_n0
_cBK
_e21
999 _c43159
_d43159